000 00700nam a2200277Ia 4500
005 20260320195914.0
008 008 262003s9999 xx 000 0 hin d
020 _a9789392186387
037 _aEBOOK
040 _aCRL
040 _bhin
040 _cCRL
041 _2hin
041 _ahin
084 _qCRL
100 _aश्रीकुमारन ताम्पी, अनु. रंजीत रविशैलम
_91133507
245 0 _aउम्मीद
250 _a1st
260 _bRajkamal
260 _c2021
300 _a192
856 _uhttps://ebook.indiaread.in/pdfs/9789392186387.pdf
942 _cEBOOK
999 _c1717118
_d1717118